[Event "DEM U10 2023"]
[Site "Willingen GER"]
[Date "2023.05.28"]
[Round "2"]
[White "Franke, Moritz"]
[Black "Aguike, Toshiya"]
[Result "0-1"]
[Termination "normal"]
[Board "13"]
[WhiteElo "1141"]
[BlackElo "1490"]
[WhiteClock "01:25:01"]
[BlackClock "01:07:33"]
[PlyCount "116"]
[WhiteFideId "34629475"]
[BlackFideId "34611347"]
[EventCountry "GER"]
[EventRounds "11"]
[EventType "swiss"]
[EventDate "2023.05.27"]

1. e4 {[%clk 01:15:59]} e5 {[%clk 01:15:53]} {[%emt 00:00:07]} 2. Nf3 {[%clk
01:16:25]} {[%emt 00:00:04]} Nc6 {[%clk 01:16:19]} {[%emt 00:00:05]} 3. Bc4
{[%clk 01:16:51]} {[%emt 00:00:04]} Bc5 {[%clk 01:16:42]} {[%emt 00:00:06]} 4.
c3 {[%clk 01:17:05]} {[%emt 00:00:15]} Nf6 {[%clk 01:17:03]} {[%emt 00:00:10]}
5. d4 {[%clk 01:17:28]} {[%emt 00:00:06]} exd4 {[%clk 01:17:27]} {[%emt
00:00:06]} 6. cxd4 {[%clk 01:17:52]} {[%emt 00:00:05]} Bb4+ {[%clk 01:17:45]}
{[%emt 00:00:13]} 7. Nc3 {[%clk 01:18:16]} {[%emt 00:00:06]} d6 {[%clk
01:17:30]} {[%emt 00:00:45]} 8. O-O {[%clk 01:18:13]} {[%emt 00:00:33]} O-O
{[%clk 01:17:50]} {[%emt 00:00:09]} 9. Bg5 {[%clk 01:18:32]} {[%emt 00:00:11]}
h6 {[%clk 01:17:55]} {[%emt 00:00:26]} 10. Bh4 {[%clk 01:18:55]} {[%emt
00:00:08]} Bg4 {[%clk 01:14:20]} {[%emt 00:04:04]} 11. d5 {[%clk 01:17:40]}
{[%emt 00:01:45]} Ne5 {[%clk 01:14:31]} {[%emt 00:00:20]} 12. Be2 {[%clk
01:17:47]} {[%emt 00:00:22]} Nxf3+ {[%clk 01:11:02]} {[%emt 00:04:00]} 13. Bxf3
{[%clk 01:18:04]} {[%emt 00:00:12]} Bxf3 {[%clk 01:11:07]} {[%emt 00:00:25]}
14. Qxf3 {[%clk 01:18:22]} {[%emt 00:00:11]} g5 {[%clk 01:11:24]} {[%emt
00:00:14]} 15. Bg3 {[%clk 01:18:37]} {[%emt 00:00:15]} Bxc3 {[%clk 01:11:39]}
{[%emt 00:00:16]} 16. bxc3 {[%clk 01:17:52]} {[%emt 00:01:15]} Re8 {[%clk
01:11:51]} {[%emt 00:00:18]} 17. Rfe1 {[%clk 01:17:52]} {[%emt 00:00:28]} Qe7
{[%clk 01:12:10]} {[%emt 00:00:11]} 18. e5 {[%clk 01:17:42]} {[%emt 00:00:40]}
Nd7 {[%clk 01:10:47]} {[%emt 00:01:53]} 19. e6 {[%clk 01:17:29]} {[%emt
00:00:43]} Kg7 {[%clk 01:10:32]} {[%emt 00:00:45]} 20. h3 {[%clk 01:17:36]}
{[%emt 00:00:23]} Nf6 {[%clk 01:10:03]} {[%emt 00:00:59]} 21. exf7 {[%clk
01:16:44]} {[%emt 00:01:22]} Qxf7 {[%clk 01:10:26]} {[%emt 00:00:08]} 22. Rxe8
{[%clk 01:16:45]} {[%emt 00:00:28]} Rxe8 {[%clk 01:10:49]} {[%emt 00:00:07]}
23. c4 {[%clk 01:16:56]} {[%emt 00:00:20]} Re4 {[%clk 01:10:46]} {[%emt
00:00:32]} 24. Rc1 {[%clk 01:17:03]} {[%emt 00:00:23]} Qe7 {[%clk 01:10:42]}
{[%emt 00:00:34]} 25. Qf5 {[%clk 01:15:16]} {[%emt 00:02:17]} Re1+ {[%clk
01:07:28]} {[%emt 00:03:44]} 26. Rxe1 {[%clk 01:15:34]} {[%emt 00:00:12]} Qxe1+
{[%clk 01:07:53]} {[%emt 00:00:05]} 27. Kh2 {[%clk 01:16:02]} {[%emt 00:00:02]}
Qc3 {[%clk 01:07:39]} {[%emt 00:00:45]} 28. Qc8 {[%clk 01:16:08]} {[%emt
00:00:24]} Qxc4 {[%clk 01:08:01]} {[%emt 00:00:07]} 29. Qxb7 {[%clk 01:16:31]}
{[%emt 00:00:09]} a5 {[%clk 01:08:11]} {[%emt 00:00:20]} 30. Bxd6 {[%clk
01:16:50]} {[%emt 00:00:11]} Nxd5 {[%clk 01:06:19]} {[%emt 00:02:22]} 31. Qb2+
{[%clk 01:16:49]} {[%emt 00:00:30]} Kf7 {[%clk 01:05:02]} {[%emt 00:01:47]} 32.
Bg3 {[%clk 01:16:45]} {[%emt 00:00:33]} Nc3 {[%clk 01:04:02]} {[%emt 00:01:31]}
33. Qb3 {[%clk 01:16:45]} {[%emt 00:00:30]} Qxb3 {[%clk 01:04:15]} {[%emt
00:00:16]} 34. axb3 {[%clk 01:17:10]} {[%emt 00:00:06]} Nd5 {[%clk 01:04:28]}
{[%emt 00:00:16]} 35. Kg1 {[%clk 01:17:14]} {[%emt 00:00:26]} Nf4 {[%clk
01:04:21]} {[%emt 00:00:37]} 36. Bxf4 {[%clk 01:17:29]} {[%emt 00:00:15]} gxf4
{[%clk 01:04:44]} {[%emt 00:00:07]} 37. Kf1 {[%clk 01:17:51]} {[%emt 00:00:08]}
Ke6 {[%clk 01:05:01]} {[%emt 00:00:13]} 38. Ke2 {[%clk 01:18:14]} {[%emt
00:00:08]} Ke5 {[%clk 01:05:21]} {[%emt 00:00:09]} 39. Kd3 {[%clk 01:18:29]}
{[%emt 00:00:14]} c6 {[%clk 01:02:43]} {[%emt 00:03:09]} 40. f3 {[%clk
01:18:48]} {[%emt 00:00:11]} Kd5 {[%clk 01:02:48]} {[%emt 00:00:25]} 41. h4
{[%clk 01:19:00]} {[%emt 00:00:18]} h5 {[%clk 01:03:07]} {[%emt 00:00:10]} 42.
Kc3 {[%clk 01:19:16]} {[%emt 00:00:14]} c5 {[%clk 01:03:28]} {[%emt 00:00:09]}
43. Kd3 {[%clk 01:19:33]} {[%emt 00:00:13]} c4+ {[%clk 01:03:30]} {[%emt
00:00:28]} 44. bxc4+ {[%clk 01:19:57]} {[%emt 00:00:06]} Kc5 {[%clk 01:03:52]}
{[%emt 00:00:09]} 45. Ke4 {[%clk 01:20:08]} {[%emt 00:00:18]} a4 {[%clk
01:04:09]} {[%emt 00:00:13]} 46. Kxf4 {[%clk 01:20:36]} {[%emt 00:00:02]} a3
{[%clk 01:04:33]} {[%emt 00:00:07]} 47. g4 {[%clk 01:21:02]} {[%emt 00:00:04]}
a2 {[%clk 01:04:08]} {[%emt 00:00:56]} 48. g5 {[%clk 01:21:29]} {[%emt
00:00:02]} a1=Q {[%clk 01:04:21]} {[%emt 00:00:17]} 49. Ke4 {[%clk 01:21:45]}
{[%emt 00:00:14]} Kxc4 {[%clk 01:04:40]} {[%emt 00:00:11]} 50. g6 {[%clk
01:22:09]} {[%emt 00:00:06]} Qf6 {[%clk 01:04:47]} {[%emt 00:00:22]} 51. f4
{[%clk 01:22:29]} {[%emt 00:00:11]} Qxg6 {[%clk 01:05:07]} {[%emt 00:00:11]}
52. f5 {[%clk 01:22:58]} {[%emt 00:00:01]} Qf6 {[%clk 01:05:27]} {[%emt
00:00:09]} 53. Kf4 {[%clk 01:23:22]} {[%emt 00:00:06]} Kd5 {[%clk 01:05:46]}
{[%emt 00:00:11]} 54. Kg3 {[%clk 01:23:46]} {[%emt 00:00:06]} Qxf5 {[%clk
01:06:08]} {[%emt 00:00:07]} 55. Kg2 {[%clk 01:24:12]} {[%emt 00:00:04]} Ke4
{[%clk 01:06:24]} {[%emt 00:00:15]} 56. Kh1 {[%clk 01:24:14]} {[%emt 00:00:27]}
Qg4 {[%clk 01:06:42]} {[%emt 00:00:12]} 57. Kh2 {[%clk 01:24:38]} {[%emt
00:00:07]} Kf3 {[%clk 01:07:08]} {[%emt 00:00:05]} 58. Kh1 {[%clk 01:25:01]}
{[%emt 00:00:07]} Qg2# {[%clk 01:07:33]} {[%emt 00:00:04]} 0-1

[Event "DEM U10 2023"]
[Site "Willingen GER"]
[Date "2023.05.28"]
[Round "2"]
[White "Teng, David"]
[Black "Li, Yunqi"]
[Result "1-0"]
[Termination "normal"]
[Board "14"]
[WhiteElo "1554"]
[BlackElo "1609"]
[WhiteClock "00:07:10"]
[BlackClock "00:04:06"]
[PlyCount "77"]
[WhiteFideId "34604570"]
[BlackFideId "34610618"]
[EventCountry "GER"]
[EventRounds "11"]
[EventType "swiss"]
[EventDate "2023.05.27"]

1. e4 {[%clk 01:15:58]} e6 {[%clk 01:15:56]} {[%emt 00:00:05]} 2. d4 {[%clk
01:16:23]} {[%emt 00:00:05]} d5 {[%clk 01:16:22]} {[%emt 00:00:04]} 3. Nc3
{[%clk 01:16:45]} {[%emt 00:00:08]} Nf6 {[%clk 01:16:46]} {[%emt 00:00:05]} 4.
e5 {[%clk 01:16:58]} {[%emt 00:00:17]} Nfd7 {[%clk 01:17:10]} {[%emt 00:00:07]}
5. f4 {[%clk 01:17:18]} {[%emt 00:00:08]} c5 {[%clk 01:17:36]} {[%emt
00:00:04]} 6. Be3 {[%clk 01:17:19]} {[%emt 00:00:29]} cxd4 {[%clk 01:10:29]}
{[%emt 00:07:38]} 7. Bxd4 {[%clk 01:17:28]} {[%emt 00:00:21]} Nc6 {[%clk
01:10:05]} {[%emt 00:00:53]} 8. Nf3 {[%clk 01:16:38]} {[%emt 00:01:20]} a6
{[%emt 00:04:05]} 9. Be2 {[%clk 01:15:56]} {[%emt 00:01:11]} b5 {[%clk
01:01:40]} {[%emt 00:05:22]} 10. a3 {[%clk 01:14:36]} {[%emt 00:01:50]} Bb7
{[%clk 00:57:48]} {[%emt 00:04:22]} 11. Bf2 {[%clk 01:09:22]} {[%emt 00:05:44]}
Rc8 {[%clk 00:55:03]} {[%emt 00:03:16]} 12. O-O {[%clk 01:08:31]} {[%emt
00:01:21]} Be7 {[%clk 00:54:02]} {[%emt 00:01:30]} 13. Qd2 {[%clk 01:05:57]}
{[%emt 00:03:04]} O-O {[%clk 00:50:33]} {[%emt 00:03:59]} 14. Rad1 {[%clk
01:04:29]} {[%emt 00:01:58]} Qc7 {[%clk 00:45:28]} {[%emt 00:05:35]} 15. Bd3
{[%clk 01:00:17]} {[%emt 00:04:42]} Rfd8 {[%clk 00:39:07]} {[%emt 00:06:51]}
16. Ne2 {[%clk 00:57:24]} {[%emt 00:03:23]} Nb6 {[%clk 00:29:59]} {[%emt
00:09:38]} 17. c3 {[%clk 00:52:49]} {[%emt 00:05:05]} Nc4 {[%clk 00:28:05]}
{[%emt 00:02:24]} 18. Qc2 {[%clk 00:50:58]} {[%emt 00:02:22]} h6 {[%clk
00:25:22]} {[%emt 00:03:12]} 19. Nfd4 {[%clk 00:44:08]} {[%emt 00:07:20]} Nxd4
{[%clk 00:22:37]} {[%emt 00:03:14]} 20. Nxd4 {[%clk 00:43:35]} {[%emt
00:01:03]} Bc5 {[%clk 00:18:53]} {[%emt 00:04:14]} 21. Rfe1 {[%clk 00:37:42]}
{[%emt 00:06:23]} Re8 {[%clk 00:14:15]} {[%emt 00:05:08]} 22. Bh7+ {[%clk
00:34:02]} {[%emt 00:04:11]} Kh8 {[%clk 00:13:11]} {[%emt 00:01:32]} 23. Bd3
{[%clk 00:32:42]} {[%emt 00:01:52]} Rcd8 {[%clk 00:08:11]} {[%emt 00:05:30]}
24. Re2 {[%clk 00:27:14]} {[%emt 00:05:58]} Na5 {[%clk 00:06:08]} {[%emt
00:02:32]} 25. b4 {[%clk 00:20:08]} {[%emt 00:07:37]} Bxd4 {[%clk 00:06:06]}
{[%emt 00:00:32]} 26. Bxd4 {[%clk 00:20:15]} {[%emt 00:00:23]} Nc4 {[%clk
00:05:56]} {[%emt 00:00:40]} 27. Ra1 {[%clk 00:18:42]} {[%emt 00:02:03]} Bc6
{[%clk 00:05:52]} {[%emt 00:00:33]} 28. Ree1 {[%clk 00:17:40]} {[%emt
00:01:33]} Ra8 {[%clk 00:05:44]} {[%emt 00:00:39]} 29. Qf2 {[%clk 00:13:32]}
{[%emt 00:04:37]} Qd8 {[%clk 00:05:14]} {[%emt 00:01:00]} 30. f5 {[%clk
00:11:02]} {[%emt 00:03:00]} Qg5 {[%clk 00:04:37]} {[%emt 00:01:06]} 31. h4
{[%clk 00:08:37]} {[%emt 00:02:56]} Qe7 {[%clk 00:04:12]} {[%emt 00:00:55]} 32.
Bc5 {[%clk 00:07:49]} {[%emt 00:01:18]} Qc7 {[%clk 00:04:13]} {[%emt 00:00:29]}
33. Bd4 {[%clk 00:08:06]} {[%emt 00:00:13]} Qe7 {[%clk 00:04:16]} {[%emt
00:00:27]} 34. Bc5 {[%clk 00:08:27]} {[%emt 00:00:09]} Qc7 {[%clk 00:04:41]}
{[%emt 00:00:05]} 35. Bd4 {[%clk 00:08:56]} Qe7 {[%clk 00:05:02]} {[%emt
00:00:08]} 36. f6 {[%clk 00:08:12]} {[%emt 00:01:15]} gxf6 {[%clk 00:05:19]}
{[%emt 00:00:13]} 37. exf6 {[%clk 00:08:12]} {[%emt 00:00:30]} Qf8 {[%clk
00:05:12]} {[%emt 00:01:33]} 38. Qf4 {[%clk 00:07:24]} {[%emt 00:01:14]} a5
{[%clk 00:04:06]} {[%emt 00:01:41]} 39. Bc5 {[%clk 00:07:10]} {[%emt 00:00:44]}
1-0

[Event "DEM U10 2023"]
[Site "Willingen GER"]
[Date "2023.05.28"]
[Round "2"]
[White "Pradeep, Harshill"]
[Black "Schmidt, Jossip"]
[Result "1-0"]
[Termination "normal"]
[Board "15"]
[WhiteElo "1482"]
[BlackElo "1276"]
[WhiteClock "01:00:01"]
[BlackClock "00:56:26"]
[PlyCount "61"]
[WhiteFideId "34629513"]
[BlackFideId "34621148"]
[EventCountry "GER"]
[EventRounds "11"]
[EventType "swiss"]
[EventDate "2023.05.27"]

1. e4 {[%clk 01:15:59]} c5 {[%clk 01:15:46]} {[%emt 00:00:14]} 2. Nf3 {[%clk
01:16:18]} {[%emt 00:00:10]} e6 {[%clk 01:15:44]} {[%emt 00:00:32]} 3. d4
{[%clk 01:16:23]} {[%emt 00:00:26]} cxd4 {[%clk 01:14:37]} {[%emt 00:01:37]} 4.
Nxd4 {[%clk 01:16:31]} {[%emt 00:00:22]} a6 {[%clk 01:12:36]} {[%emt 00:02:31]}
5. Be3 {[%clk 01:16:03]} {[%emt 00:00:57]} Qc7 {[%clk 01:12:14]} {[%emt
00:00:53]} 6. Be2 {[%clk 01:16:00]} {[%emt 00:00:32]} Nf6 {[%clk 01:11:37]}
{[%emt 00:01:07]} 7. Nd2 {[%clk 01:15:31]} {[%emt 00:01:00]} b5 {[%clk
01:10:53]} {[%emt 00:01:14]} 8. O-O {[%clk 01:14:59]} {[%emt 00:01:02]} Bb7
{[%clk 01:09:56]} {[%emt 00:01:26]} 9. Bf3 {[%clk 01:13:34]} {[%emt 00:01:55]}
d5 {[%clk 01:09:07]} {[%emt 00:01:19]} 10. exd5 {[%clk 01:13:32]} {[%emt
00:00:33]} Nxd5 {[%clk 01:09:03]} {[%emt 00:00:33]} 11. c4 {[%clk 01:10:06]}
{[%emt 00:03:57]} Nxe3 {[%clk 01:08:19]} {[%emt 00:01:13]} 12. fxe3 {[%clk
01:10:29]} {[%emt 00:00:08]} bxc4 {[%clk 01:07:13]} {[%emt 00:01:36]} 13. Qa4+
{[%clk 01:10:20]} {[%emt 00:00:38]} Nd7 {[%clk 01:07:05]} {[%emt 00:00:38]} 14.
Nxc4 {[%clk 01:07:10]} {[%emt 00:03:40]} Bxf3 {[%clk 01:06:45]} {[%emt
00:00:51]} 15. Rxf3 {[%clk 01:06:54]} {[%emt 00:00:36]} Be7 {[%clk 01:04:26]}
{[%emt 00:02:58]} 16. Nc6 {[%clk 01:05:00]} {[%emt 00:02:24]} Nc5 {[%clk
01:02:43]} {[%emt 00:02:13]} 17. Qa3 {[%clk 01:00:03]} {[%emt 00:05:27]} Qxc6
{[%clk 01:02:13]} {[%emt 00:01:00]} 18. Rxf7 {[%clk 00:59:27]} {[%emt
00:01:06]} Qd5 {[%clk 01:00:55]} {[%emt 00:01:47]} 19. Nb6 {[%clk 00:57:44]}
{[%emt 00:02:15]} Qc6 {[%clk 00:59:10]} {[%emt 00:02:14]} 20. Rxe7+ {[%clk
00:57:50]} {[%emt 00:00:25]} Kxe7 {[%clk 00:59:07]} {[%emt 00:00:32]} 21. Nxa8
{[%clk 00:58:16]} {[%emt 00:00:04]} Rxa8 {[%clk 00:59:12]} {[%emt 00:00:25]}
22. Rc1 {[%clk 00:58:40]} {[%emt 00:00:06]} Kd6 {[%clk 00:56:20]} {[%emt
00:03:22]} 23. b4 {[%clk 00:58:49]} {[%emt 00:00:21]} Rf8 {[%clk 00:55:28]}
{[%emt 00:01:22]} 24. Rxc5 {[%clk 00:58:24]} {[%emt 00:00:56]} Qb6 {[%clk
00:55:37]} {[%emt 00:00:21]} 25. Qd3+ {[%clk 00:58:37]} {[%emt 00:00:16]} Ke7
{[%clk 00:55:57]} {[%emt 00:00:11]} 26. Qxh7 {[%clk 00:58:11]} {[%emt
00:00:56]} Qxb4 {[%clk 00:55:37]} {[%emt 00:00:49]} 27. Qxg7+ {[%clk 00:58:32]}
{[%emt 00:00:09]} Rf7 {[%clk 00:55:49]} {[%emt 00:00:18]} 28. Rc7+ {[%clk
00:58:56]} {[%emt 00:00:06]} Kd8 {[%clk 00:56:04]} {[%emt 00:00:14]} 29. Rxf7
{[%clk 00:59:18]} {[%emt 00:00:09]} Qe1+ {[%clk 00:56:20]} {[%emt 00:00:14]}
30. Rf1 {[%clk 00:59:38]} {[%emt 00:00:10]} Qxe3+ {[%clk 00:56:26]} {[%emt
00:00:25]} 31. Kh1 {[%clk 01:00:01]} {[%emt 00:00:07]} 1-0

[Event "DEM U10 2023"]
[Site "Willingen GER"]
[Date "2023.05.28"]
[Round "2"]
[White "Fels, Mattis"]
[Black "Simon, Levi Paul"]
[Result "1-0"]
[Termination "normal"]
[Board "16"]
[WhiteElo "1682"]
[BlackElo "1297"]
[WhiteClock "00:22:45"]
[BlackClock "01:01:14"]
[PlyCount "81"]
[WhiteFideId "34623795"]
[BlackFideId "34652310"]
[EventCountry "GER"]
[EventRounds "11"]
[EventType "swiss"]
[EventDate "2023.05.27"]

1. d4 {[%clk 01:15:59]} d5 {[%clk 01:15:52]} {[%emt 00:00:08]} 2. Nc3 {[%clk
01:16:20]} {[%emt 00:00:09]} Nf6 {[%clk 01:16:13]} {[%emt 00:00:09]} 3. Bf4
{[%clk 01:16:36]} {[%emt 00:00:15]} c5 {[%clk 01:16:33]} {[%emt 00:00:10]} 4.
e3 {[%clk 01:16:46]} {[%emt 00:00:20]} cxd4 {[%clk 01:16:44]} {[%emt 00:00:18]}
5. exd4 {[%clk 01:17:11]} {[%emt 00:00:06]} a6 {[%clk 01:17:04]} {[%emt
00:00:10]} 6. Nf3 {[%clk 01:16:55]} {[%emt 00:00:46]} Bg4 {[%clk 01:17:24]}
{[%emt 00:00:10]} 7. Be2 {[%clk 01:17:07]} {[%emt 00:00:17]} Nc6 {[%clk
01:17:37]} {[%emt 00:00:17]} 8. O-O {[%clk 01:16:13]} {[%emt 00:01:24]} e6
{[%clk 01:17:57]} {[%emt 00:00:11]} 9. Na4 {[%clk 01:16:12]} {[%emt 00:00:31]}
Bxf3 {[%clk 01:17:42]} {[%emt 00:00:44]} 10. Bxf3 {[%clk 01:16:21]} {[%emt
00:00:21]} Bd6 {[%clk 01:17:41]} {[%emt 00:00:31]} 11. Bxd6 {[%clk 01:15:40]}
{[%emt 00:01:11]} Qxd6 {[%clk 01:18:03]} {[%emt 00:00:09]} 12. c3 {[%clk
01:14:59]} {[%emt 00:01:11]} Nd7 {[%clk 01:17:33]} {[%emt 00:01:01]} 13. b4
{[%clk 01:14:15]} {[%emt 00:01:14]} O-O {[%clk 01:17:15]} {[%emt 00:00:47]} 14.
Qd3 {[%clk 00:57:18]} {[%emt 00:17:27]} Na7 {[%clk 01:14:35]} {[%emt 00:03:10]}
15. Nc5 {[%clk 00:54:11]} {[%emt 00:03:36]} b5 {[%clk 01:13:35]} {[%emt
00:01:30]} 16. Rfe1 {[%clk 00:38:50]} {[%emt 00:15:51]} Nc6 {[%clk 01:10:36]}
{[%emt 00:03:29]} 17. a4 {[%clk 00:37:39]} {[%emt 00:01:42]} Nxc5 {[%clk
01:08:02]} {[%emt 00:03:04]} 18. bxc5 {[%clk 00:37:40]} {[%emt 00:00:29]} Qb8
{[%clk 01:07:14]} {[%emt 00:01:18]} 19. Reb1 {[%clk 00:36:50]} {[%emt
00:01:20]} Qf4 {[%clk 01:06:28]} {[%emt 00:01:16]} 20. axb5 {[%clk 00:35:34]}
{[%emt 00:01:45]} axb5 {[%clk 01:06:34]} {[%emt 00:00:25]} 21. Qxb5 {[%clk
00:35:34]} {[%emt 00:00:30]} Ne7 {[%clk 01:04:15]} {[%emt 00:02:49]} 22. Rxa8
{[%clk 00:32:07]} {[%emt 00:03:57]} Rxa8 {[%clk 01:04:25]} {[%emt 00:00:20]}
23. g3 {[%clk 00:31:41]} {[%emt 00:00:55]} Qc7 {[%clk 01:04:42]} {[%emt
00:00:14]} 24. Qb7 {[%clk 00:31:04]} {[%emt 00:01:06]} Ra7 {[%clk 01:04:41]}
{[%emt 00:00:31]} 25. Qxc7 {[%clk 00:29:58]} {[%emt 00:01:36]} Rxc7 {[%clk
01:04:53]} {[%emt 00:00:18]} 26. Rb8+ {[%clk 00:29:58]} {[%emt 00:00:30]} Rc8
{[%clk 01:05:15]} {[%emt 00:00:09]} 27. Rxc8+ {[%clk 00:30:03]} {[%emt
00:00:25]} Nxc8 {[%clk 01:04:59]} {[%emt 00:00:45]} 28. Be2 {[%clk 00:27:23]}
{[%emt 00:03:10]} Kf8 {[%clk 01:05:03]} {[%emt 00:00:25]} 29. Bd3 {[%clk
00:27:40]} {[%emt 00:00:14]} Ke7 {[%clk 01:05:19]} {[%emt 00:00:15]} 30. Kg2
{[%clk 00:27:33]} {[%emt 00:00:37]} h6 {[%clk 01:03:41]} {[%emt 00:02:08]} 31.
Kf3 {[%clk 00:25:47]} {[%emt 00:02:16]} f6 {[%clk 01:01:02]} {[%emt 00:03:08]}
32. Kg4 {[%clk 00:25:33]} {[%emt 00:00:44]} Na7 {[%clk 01:01:08]} {[%emt
00:00:25]} 33. Kh5 {[%clk 00:24:14]} {[%emt 00:01:47]} Nc6 {[%clk 01:01:06]}
{[%emt 00:00:33]} 34. Kg6 {[%clk 00:23:53]} {[%emt 00:00:51]} Kf8 {[%clk
01:01:16]} {[%emt 00:00:20]} 35. Bb5 {[%clk 00:24:00]} {[%emt 00:00:23]} Ne7+
{[%clk 01:01:17]} {[%emt 00:00:28]} 36. Kh7 {[%clk 00:22:59]} {[%emt 00:01:32]}
Kf7 {[%clk 01:00:30]} {[%emt 00:01:17]} 37. c6 {[%clk 00:22:43]} {[%emt
00:00:47]} Nc8 {[%clk 01:00:34]} {[%emt 00:00:26]} 38. Ba6 {[%clk 00:22:17]}
{[%emt 00:00:57]} Ne7 {[%clk 01:00:39]} {[%emt 00:00:25]} 39. c7 {[%clk
00:22:31]} {[%emt 00:00:16]} Ng6 {[%clk 01:00:57]} {[%emt 00:00:11]} 40. c8=Q
{[%clk 00:22:26]} {[%emt 00:00:35]} Nf8 {[%clk 01:01:14]} {[%emt 00:00:14]} 41.
Qxf8+ {[%clk 00:22:45]} {[%emt 00:00:13]} 1-0

[Event "DEM U10 2023"]
[Site "Willingen GER"]
[Date "2023.05.28"]
[Round "2"]
[White "Haas, Leandro"]
[Black "Chua, Daniel James"]
[Result "0-1"]
[Termination "normal"]
[Board "17"]
[WhiteElo "1337"]
[BlackElo "1433"]
[WhiteClock "00:56:04"]
[BlackClock "01:05:31"]
[PlyCount "66"]
[WhiteFideId "34632549"]
[BlackFideId "34608354"]
[EventCountry "GER"]
[EventRounds "11"]
[EventType "swiss"]
[EventDate "2023.05.27"]

1. e4 {[%clk 01:15:58]} {[%emt 00:00:02]} e5 {[%clk 01:15:52]} {[%emt
00:00:09]} 2. Nf3 {[%clk 01:16:23]} {[%emt 00:00:04]} Nc6 {[%clk 01:16:20]}
{[%emt 00:00:02]} 3. Bc4 {[%clk 01:16:46]} {[%emt 00:00:08]} Bc5 {[%clk
01:16:46]} {[%emt 00:00:04]} 4. c3 {[%clk 01:17:08]} {[%emt 00:00:08]} Nf6
{[%clk 01:17:09]} {[%emt 00:00:06]} 5. b4 {[%clk 01:17:34]} {[%emt 00:00:05]}
Bb6 {[%clk 01:15:13]} {[%emt 00:02:26]} 6. d3 {[%clk 01:17:57]} {[%emt
00:00:06]} O-O {[%clk 01:13:14]} {[%emt 00:02:30]} 7. O-O {[%clk 01:18:19]}
{[%emt 00:00:07]} d5 {[%clk 01:13:42]} {[%emt 00:00:03]} 8. exd5 {[%clk
01:18:41]} {[%emt 00:00:08]} Nxd5 {[%clk 01:14:11]} {[%emt 00:00:01]} 9. Bxd5
{[%clk 01:18:56]} {[%emt 00:00:14]} Qxd5 {[%clk 01:14:34]} {[%emt 00:00:07]}
10. c4 {[%clk 01:19:17]} {[%emt 00:00:09]} Qd8 {[%clk 01:13:48]} {[%emt
00:01:16]} 11. c5 {[%clk 01:19:41]} {[%emt 00:00:07]} Bg4 {[%clk 01:13:57]}
{[%emt 00:00:21]} 12. cxb6 {[%clk 01:19:51]} {[%emt 00:00:19]} Bxf3 {[%clk
01:13:30]} {[%emt 00:00:57]} 13. gxf3 {[%clk 01:19:32]} {[%emt 00:00:49]} Qd4
{[%clk 01:13:39]} {[%emt 00:00:21]} 14. Qb3 {[%clk 01:19:03]} {[%emt 00:00:58]}
Qxb6 {[%clk 01:12:20]} {[%emt 00:01:50]} 15. a3 {[%clk 01:18:56]} {[%emt
00:00:38]} Nd4 {[%clk 01:12:39]} {[%emt 00:00:10]} 16. Qd1 {[%clk 01:18:38]}
{[%emt 00:00:48]} f5 {[%clk 01:12:18]} {[%emt 00:00:51]} 17. Kh1 {[%clk
01:18:22]} {[%emt 00:00:47]} f4 {[%clk 01:12:08]} {[%emt 00:00:40]} 18. Nc3
{[%clk 01:18:16]} {[%emt 00:00:36]} Qe6 {[%clk 01:10:31]} {[%emt 00:02:05]} 19.
Ne2 {[%clk 01:15:48]} {[%emt 00:02:59]} Nxf3 {[%clk 01:10:00]} {[%emt
00:01:02]} 20. Nxf4 {[%clk 01:15:51]} {[%emt 00:00:26]} Qc6 {[%clk 01:08:27]}
{[%emt 00:02:04]} 21. Ng2 {[%clk 01:15:57]} {[%emt 00:00:24]} Rf5 {[%clk
01:07:53]} {[%emt 00:01:00]} 22. d4 {[%clk 01:04:47]} {[%emt 00:11:43]} Rh5
{[%clk 01:07:22]} {[%emt 00:01:02]} 23. h4 {[%clk 01:04:16]} {[%emt 00:01:01]}
Nxh4 {[%clk 01:07:07]} {[%emt 00:00:45]} 24. Qb3+ {[%clk 00:59:01]} {[%emt
00:05:45]} Kh8 {[%clk 01:06:50]} {[%emt 00:00:46]} 25. d5 {[%clk 00:58:57]}
{[%emt 00:00:35]} Nf3+ {[%clk 01:06:51]} {[%emt 00:00:29]} 26. Nh4 {[%clk
00:57:06]} {[%emt 00:02:21]} Rxh4+ {[%clk 01:04:39]} {[%emt 00:02:42]} 27. Kg2
{[%clk 00:57:14]} {[%emt 00:00:22]} Qg6+ {[%clk 01:04:43]} {[%emt 00:00:26]}
28. Kxf3 {[%clk 00:56:50]} {[%emt 00:00:52]} Qe4+ {[%clk 01:05:03]} {[%emt
00:00:11]} 29. Kg3 {[%clk 00:56:05]} {[%emt 00:01:15]} Rg4+ {[%emt 00:00:26]}
30. Kh2 {[%emt 00:00:02]} Rh4+ 31. Kg3 Qg6+ {[%emt 00:00:09]} 32. Kf3 Qe4+
{[%emt 00:00:03]} 33. Kg3 {[%clk 00:56:04]} Qg4# {[%clk 01:05:31]} 0-1